[Event "Ambes op 2nd"]
[Site "Ambes"]
[Date "2009.04.14"]
[Round "4"]
[White "Videnova, Iva"]
[Black "Spindler, Herve"]
[Result "1-0"]
[WhiteElo "2160"]
[BlackElo "1770"]
[PlyCount "63"]
[EventDate "2009.04.11"]
[EventType "swiss"]
[EventRounds "9"]
[EventCountry "FRA"]
[SourceTitle "EXT 2012"]
[Source "ChessBase"]
[SourceDate "2011.11.24"]
[SourceVersion "1"]
[SourceVersionDate "2011.11.24"]
[SourceQuality "1"]

1. e4 c5 2. Nf3 Nc6 3. d4 cxd4 4. Nxd4 Nf6 5. Nc3 d6 6. Bg5 e6 7. Qd2 Be7 8. 0-0-0 a6 9. f3 Qc7 10. h4 Bd7 11. Kb1 Rd8 12. g4 h5 13. gxh5 Nxh5 14. Bxe7 Nxe7 15. Bd3 b5 16. f4 e5 17. Nde2 Be6 18. f5 Bd7 19. Rdg1 Bc6 20. Ng3 Nxg3 21. Rxg3 Nxf5 22. Rgg1 b4 23. Nd5 Bxd5 24. exd5 g6 25. h5 Qc5 26. hxg6 Rxh1 27. gxf7+ Kxf7 28. Rxh1 Qxd5 29. Rf1 e4 30. Qg5 Ke6 31. Qxd8 exd3 32. Qg8+ 1-0

[Event "Ambes op 2nd"]
[Site "Ambes"]
[Date "2009.04.12"]
[Round "2"]
[White "Spindler, Herve"]
[Black "Fantinel, Thibault"]
[Result "0-1"]
[WhiteElo "1770"]
[BlackElo "2036"]
[PlyCount "70"]
[EventDate "2009.04.11"]
[EventType "swiss"]
[EventRounds "9"]
[EventCountry "FRA"]
[SourceTitle "EXT 2012"]
[Source "ChessBase"]
[SourceDate "2011.11.24"]
[SourceVersion "1"]
[SourceVersionDate "2011.11.24"]
[SourceQuality "1"]

1. d4 d5 2. c4 c6 3. Nc3 dxc4 4. e4 b5 5. Nf3 Nf6 6. e5 Nd5 7. Be2 e6 8. 0-0 Be7 9. a4 Nxc3 10. bxc3 a6 11. Qc2 Bb7 12. Rd1 Nd7 13. Nd2 Qc7 14. Ne4 c5 15. axb5 axb5 16. Be3 cxd4 17. cxd4 0-0 18. Rac1 Nb6 19. Ng3 Bd5 20. Bd3 g6 21. Bh6 Rfc8 22. Nh5 Qb7 23. Bf1 Be4 24. Qe2 gxh5 25. Qxh5 Bg6 26. Qg4 b4 27. h4 Qe4 28. f4 Ra3 29. d5 Nxd5 30. Rxd5 Qxd5 31. h5 Qe4 32. hxg6 Qxg6 33. Qxg6+ hxg6 34. Rxc4 Rc3 35. Rxc3 bxc3 0-1